夏の高校野球2025 出場校の所在地がある市区町村名 - Statistics

General Stats
  • This quiz has been taken 104 times
  • The average score is 37 of 49
Answer Stats
高校名 市区町村名 % Correct
旭川志峯 旭川市
96%
仙台育英 仙台市(多賀城市)
96%
弘前学院聖愛 弘前市
94%
花巻東 花巻市
94%
日大山形 山形市
94%
横浜 横浜市
91%
健大高崎 高崎市
90%
市船橋 船橋市
90%
明秀日立 日立市
88%
小松大谷 小松市
88%
東洋大姫路 姫路市
88%
金足農 秋田市
87%
敦賀気比 敦賀市
87%
豊橋中央 豊橋市
85%
北海 札幌市
84%
県岐阜商 岐阜市
84%
智弁和歌山 和歌山市
84%
広陵 広島市
84%
佐賀北 佐賀市
84%
東海大熊本星翔 熊本市
84%
鳥取城北 鳥取市
83%
山梨学院 甲府市
82%
京都国際 京都市
82%
天理 天理市
82%
岡山学芸館 岡山市
82%
高知中央 高知市
82%
宮崎商 宮崎市
82%
沖縄尚学 那覇市
82%
鳴門 鳴門市
81%
済美 松山市
81%
開星 松江市
78%
松商学園 松本市
76%
東大阪大柏原 柏原市
76%
聖隷クリストファー 浜松市
74%
明豊 別府市
70%
中越 長岡市
63%
日大三 町田市
57%
創成館 諫早市
57%
青藍泰斗 佐野市
56%
綾羽 草津市
56%
関東一 江戸川区
55%
神村学園 いちき串木野市
55%
未来富山 魚津市
54%
津田学園 桑名市
53%
聖光学院 伊達市(福島県)
52%
高川学園 防府市
49%
叡明 越谷市
48%
尽誠学園 善通寺市
45%
西日本短大付 八女市
37%
No matching quizzes found
Score Distribution
Percent of People with Each Score
Percentile by Number Answered
Your Score History
You have not taken this quiz